000 00560nam a22002057a 4500
005 20241205140617.0
008 241205b ||||| |||| 00| 0 eng d
020 _a9789384746469
040 _cAL
041 _aEnglish
082 _223
_a340.5
_bDENC
100 _aAlfred Denning
_9187927
245 _aChanging Law
260 _aNew Delhi
_bSweet and Maxwell
_c2015
300 _a122 p.
_bPB
_c21x14 cm.
365 _a1060
_b₹182.5
_c
_d₹250.00
_e27%
_f28-11-2024
650 _aLaw
_9187928
700 _aDENNING (Alfred)
_9187929
942 _2ddc
_cBK
999 _c232114
_d232114